000 00844nam a22002537a 4500
001 BR9405078
003 BR-BrBNA
005 20230928094256.0
007 ta
008 230509b bl.||||| |||| 00| 0 por d
040 _aBR-BrBNA
_bpor
_cBiblioteca Nacional de Agricultura
041 _a(Por)
072 _aP05; P06
090 _ P05 BR9405078
110 1 _aUNESCO, Montevideu (Uruguai)
_910320
111 1 _aSeminario Internacional "Ecossistemas, Alimentos e Energia
_cBrasilia, DF (Brazil)
_d2-6 Sep 1984
245 1 _aAnais do Seminario Internacional "Ecossistemas, Alimentos e Energia" v. 2 Metodologias
_bProjeto FINEP/PNUD/UNESCO-BRA 82/004
260 3 _aMontevideu (Uruguai):
_c1985.
300 _a285 p.
650 _aPolitica Energetica
650 _aRecurso Energetico
909 _a202309
_bLucia
_c55
_dLucia Elande
942 _cBK
999 _c49801
_d49801